La poliarquía: participación y oposición

Gorde:
Xehetasun bibliografikoak
Egile nagusia: Dahl, Robert Alan (Egilea)
Formatua: Liburua
Hizkuntza:gaztelania
Argitaratua: Buenos Aires Rei 1990
Gaiak:
Etiketak: Etiketa erantsi
Etiketarik gabe, Izan zaitez lehena erregistro honi etiketa jartzen!

MARC

LEADER 00000nam a2200000 a 4500
001 UCV2831
003 CL-VaPUC
008 921126e19900000AG |||||||||||||||||spa|d
082 0 4 |a 321.8  |b DAH  |2 21 
100 0 |a Dahl, Robert Alan  |e author  |9 297088 
245 1 3 |a La poliarquía: participación y oposición 
300 |a 228 p 
942 |c BK 
945 |d 19921126 00:00:00 
260 |a Buenos Aires  |b Rei  |c 1990 
650 0 |a Democracia  |9 255256 
650 7 |a OPOSICION CIENCIAS POLITICAS  |2 CL-VaPUC  |9 258347 
650 7 |a PARTICIPACION POLITICA  |2 CL-VaPUC  |9 297089 
583 |a last modification  |c 19921126 00:00:00  |k Rodrigo Vera 
999 |c 210304  |d 210302 
952 |0 0  |1 0  |4 0  |6 321_800000000000000_DAH_1990  |7 0  |8 A  |9 186427  |a BIBDER  |b BIBDER  |d 2019-11-14  |i 2539098  |o 321.8 DAH 1990  |p 2539098  |r 2023-01-25  |w 2019-11-14  |y BK  |k DER 
952 |0 0  |1 0  |4 0  |6 321_800000000000000_DAH_1990  |7 0  |8 A  |9 186428  |a BIBHIS  |b BIBHIS  |d 2019-11-14  |i 2539101  |o 321.8 DAH 1990  |p 2539101  |r 2025-01-20  |w 2019-11-14  |y BK  |k HIS